000 00639nam a22002057a 4500
003 URS
005 20220114171915.0
008 180207b xxu||||| |||| 00| 0 eng d
020 _a9789810698775
050 1 4 _aTK 5105.543
_bG65
100 1 _aGraziani, Rick,
_d2008-
_eauthor
245 1 0 _aRouting Protocols and Concepts :
_bCCNA exploration companion guide /
_cRick Graziani.
264 1 _aIndiana:
_bCisco Press,
_c©2008.
300 _axxxiv, 606 pages:
_billustrations;
_c23 cm
336 _2rdacontent
_atext
336 _2rdacontent
_astill image
337 _2rdamedia
_aunmediated
338 _2rdacarrier
_avolume
942 _2lcc
_cFR
999 _c15126
_d15126